Kooperative Arbeitsformen im Computerunterstützten Fremdsprachenunterricht
Uložené v:
| Hlavný autor: | |
|---|---|
| Médium: | Kapitola |
| Jazyk: | German |
| Predmet: | |
| Tagy: |
Žiadne tagy, Buďte prvý, kto otaguje tento záznam!
|
MARC
| LEADER | 00000nla$a2200000$$$4500 | ||
|---|---|---|---|
| 001 | 0067330 | ||
| 005 | 20240502083200.6 | ||
| 041 | 0 | |a ger | |
| 044 | |a CZ | ||
| 245 | 1 | 0 | |a Kooperative Arbeitsformen im Computerunterstützten Fremdsprachenunterricht |c Zoltán Bodnár |
| 610 | 2 | 0 | |a jazyky cudzie |
| 610 | 2 | 0 | |a vyučovanie |
| 610 | 2 | 0 | |a počítače |
| 100 | 1 | |a Bodnár, Zoltán, 1969- | |